000 006360000a22002170004500
003 LK-CoMWRAF
005 20230917225232.0
008 230817t2005 ||||| |||| 00| 0 eng d
040 _aLK-CoMWRAF
_dLK-CoMWRAF
_eLK-CoMWRAF
041 _aeng
082 _a297
_bNAD
100 _aNadeem, Khurshid Ahmad
245 _aIslam,civil society and new global context
260 _aIslamabad :
_bOrganization for research and education,
_c2005
300 _a149p
490 _aIssues in Muslim society - V
650 _aCivil Society
650 _aCivil Society and new Global Context
650 _aIslam and Civil Society
942 _cBK
999 _c1099
_d1099